• 首页
  • 本馆介绍
  • 公告通知
  • 最新文献
  • 馆藏检索
  • 电子资源
  • 读者导购
  • 参考咨询
  • 我的图书馆
  • 登录
  • 详细信息显示
  • 放入我的书架
  • 预约/预借图书
  • 作者相关作品
  • 分类相关作品
  • 丛书相关作品
  • 出版社相关作品

书目信息

  • 表格格式
  • 工作单格式
  • 卡片格式
题名:
公共文化服务供给
    
 
作者: 张震, 著
分册:  
出版信息: 北京   科学出版社  2018
页数: 200页
开本: 26cm
丛书名:
单 册:
中图分类: G123
科图分类:
主题词: 公共管理--gong gong guan li--文化工作--研究--中国
电子资源:
ISBN: 978-7-03-055903-6
000 01129nam0 2200277 450
001 012001002895
005 20131031143604.0
010    @a978-7-03-055903-6@dCNY98.00
099    @aCAL 012018104193
100    @a20180720d2018 em y0chiy50 ea
101 0  @achi
102    @aCN@b110000
105    @aak a 000yy
106    @ar
200 1  @a公共文化服务供给@Agong gong wen hua fu wu gong gei@f张震著
210    @a北京@c科学出版社@d2018
215    @a200页@c图@d26cm
300    @a四川省社会科学“十二五”规划项目 四川省政府2016年度政务调研项目资助成果
314    @a张震 (1959-) , 四川内江人, 中国人民大学哲学博士, 教授。
320    @a有书目 (第192-195页)
330    @a本书以四川省社会科学规划项目 (SC15B026) “新型城镇化背景下公共文化服务均等化的供给模式研究”成果为基础撰写而成。以“性质—主体—介体—客体”为分析模式, 选取公共文化服务均等化供给的调查设计、调查实施、数据分析、模式构建和经验借鉴等, 研究公共文化服务供给。
606 0  @a公共管理@Agong gong guan li@x文化工作@x研究@y中国
690    @aG123@v5
701  0 @a张震,@Azhang zhen@f1959-@4著
801    @b江苏凤凰@c20191020
905    @b1231120-5@dG123@e245@f6
    
    公共文化服务供给/张震著.-北京:科学出版社,2018
    200页:图;26cm
    四川省社会科学“十二五”规划项目 四川省政府2016年度政务调研项目资助成果
    
    ISBN 978-7-03-055903-6:CNY98.00
    本书以四川省社会科学规划项目 (SC15B026) “新型城镇化背景下公共文化服务均等化的供给模式研究”成果为基础撰写而成。以“性质—主体—介体—客体”为分析模式, 选取公共文化服务均等化供给的调查设计、调查实施、数据分析、模式构建和经验借鉴等, 研究公共文化服务供给。
●
相关链接 在E读中查询图书 在五车中查询图书 在当当中查询图书 在豆瓣中查询图书


正题名:公共文化服务供给     索取号:G123/245         预约/预借

序号 登录号 条形码 馆藏地/架位号 状态 备注
1 1231120   212311201   第一样本阅览室/ [索取号:G123/245] 在馆    
2 1231121   212311210   教育系资料室/ [索取号:G123/245] 在馆    
3 1231122   212311229   教育系资料室/ [索取号:G123/245] 在馆    
4 1231123   212311238   教育系资料室/ [索取号:G123/245] 在馆    
5 1231124   212311247   第四借阅区/ [索取号:G123/245] 在馆    
6 1231125   212311256   第四借阅区/ [索取号:G123/245] 在馆    
唐山师范学院图书馆 欢迎您!
大连网信软件有限公司© 版权所有